A kiégés vizsgálata a pedagógusok körében

Elmentve itt :
Bibliográfiai részletek
Szerző: Bánfi Zoltán
További közreműködők: Dombi Edina (Témavezető)
Dokumentumtípus: Szakdolgozat
Megjelent: 2018
Tárgyszavak:
Online Access:http://diploma.bibl.u-szeged.hu/74816
LEADER 00624nta a2200169 i 4500
001 dipl74816
005 20190731130356.0
008 190731s2018 hu om 0|| hun d
040 |a SZTE Diploma Repozitórium  |b hun 
041 |a hun 
100 1 |a Bánfi Zoltán 
245 1 2 |a A kiégés vizsgálata a pedagógusok körében  |h [elektronikus dokumentum] /  |c Zoltán Bánfi 
246 1 0 |a Burnout among educators  |h [elektronikus dokumentum] 
260 |c 2018 
650 4 |a Pedagógusképzés 
700 1 |a Dombi Edina  |e ths 
856 4 0 |u http://diploma.bibl.u-szeged.hu/id/eprint/74816/1/2018_B%C3%A1nfi_Zolt%C3%A1n_Q0U7E6_SZ.pdf  |z Dokumentum-elérés